1950 1548 1290 1045 1855 1240 1924 1512 1676 1563 1561 1017 1554 1958 1022 1202 1799 1588 1342 1079 1921 1490 1004 1008 1196 1659 1657 1970 1907 1898 1871 1902 1850 1758 1122 1389 1157 1887 1883 1843 1467 1837 1178 1334 1734 1014 1331 1273 1404 1372 1869 1570 1642 1187 1352 1603 1532 1944 1246 1795 1510 1585 1725 1020 1889 1656 1155 1784 1683 1321 1001 1856 1363 1243 1077 1589 1847 1427 1031 1701 1842 1679 1583 1794 1433 1302 1038 1968 1957 1010 1248 1621 1774 1667 1496 1726 1725 1335 1866 BCNSPRNW ULIB Ver.6.0+V

เปลี่ยนเป็นภาษาไทย

Change to English
 แสดงรายละเอียดบรรณานุกรม
  กลับหน้าหลัก

Brief Record : Get Marc (ISO 2709) : E-mail record : QR code < ปิดหน้าต่าง
LEADER : 00000nam 2200000uu 4500
001    13399108683
003     ULIB
008    110311s2553||||th 000 0 tha d
020    9786165070157
060  4 WK810^bก152ก 2553
100 0  กรณ์กาญจน์ ภมรประวัติธนะ
245 10 กินอย่างไรไกลเบาหวาน^cกรณ์กาญจน์ ภมรประวัติธนะ.
260    กรุงเทพฯ :^bหมอชาวบ้าน,^c2553.
300    32 หน้า,:^bภาพประกอบ.
650  7 พืชสมุนไพร
650  7 โรคเบาหวาน^xแง่โภชนาการ
945    ^p0^l0^i18018
945    ^p0^l0^i18019
945    ^p0^l0^i18020
995    เกษร
999    ^aใช้งานได้ทุกระบบ
รายการนี้ยังไม่มีแท็ก
คุณยังไม่ได้ล็อกอิน คุณสามารถมีกิจกรรมร่วมกับเว็บไซต์ได้ แต่ต้องล็อกอินก่อน ::
  ล็อกอิน

รายการสื่อสารสนเทศ

ลำดับที่ ประเภท เลขเรียก/บาร์โค้ด สถานที่ สถานะ
1. วิทยาศาสตร์การแพทย์ และสุขภาพ
วิทยาศาสตร์การแพทย์ และสุขภาพ
WK810 ก152ก 2553  
  Barcode: 18018
ห้องสมุดวิทยาเขตสวรรค์ประชารักษ์
►หนังสือทั่วไป
บนชั้น
2. วิทยาศาสตร์การแพทย์ และสุขภาพ
วิทยาศาสตร์การแพทย์ และสุขภาพ
สถานะ=หนังสือเก่า
WK810 ก152ก 2553 ฉ.2 
  Barcode: 18019
ห้องสมุดวิทยาเขตนครสวรรค์
►ส่วนจัดเก็บหนังสือเก่า นว.
บนชั้น
  ขอยืม
3. วิทยาศาสตร์การแพทย์ และสุขภาพ
วิทยาศาสตร์การแพทย์ และสุขภาพ
สถานะ=หนังสือเก่า
WK810 ก152ก 2553 ฉ.3 
  Barcode: 18020
ห้องสมุดวิทยาเขตนครสวรรค์
►ส่วนจัดเก็บหนังสือเก่า นว.
บนชั้น
  ขอยืม

รายการใกล้เคียง
    หัวเรื่อง [พืชสมุนไพร]

BibComment


ยังไม่เคยถูกคอมเมนท์

คอมเมนท์ทรัพยากรรายการนี้
  คอมเมนท์: กินอย่างไรไกลเบาห..


 Copyright 2026. Bcnsprnw @Library